Telugu Consonants: Basic - 1 - Statistics

General Stats
  • This quiz has been taken 141 times
  • The average score is 8 of 9
Answer Stats
Hint Answer % Correct
La
94%
Ra
94%
Ka
92%
Ga
91%
Ya
89%
Cha
88%
Ba
86%
Ha
86%
Ja
84%
No matching quizzes found
Score Distribution
Percent of People with Each Score
Percentile by Number Answered
Your Score History
You have not taken this quiz